[Event "Noisiel op 9th"]
[Site "Noisiel"]
[Date "2024.04.11"]
[Round "9"]
[White "Rudolf, Michal"]
[Black "Aswath, S."]
[Result "1/2-1/2"]
[WhiteElo "2268"]
[BlackElo "2364"]
[PlyCount "102"]
[EventDate "2024.04.06"]
[EventType "swiss"]
[EventRounds "9"]
[EventCountry "FRA"]
[SourceTitle "CB16_2024"]
[SourceDate "2024.04.17"]
[SourceVersion "1"]
[SourceVersionDate "2024.04.17"]
[SourceQuality "1"]

1. e4 c5 2. c3 e5 3. Nf3 Nc6 4. Bc4 Nf6 5. Ng5 d5 6. exd5 Nxd5 7. Qh5 g6 8. Qf3 Qxg5 9. Bxd5 Nd8 10. 0-0 Qe7 11. d4 cxd4 12. cxd4 exd4 13. Bf4 g5 14. Bg3 Bg7 15. Na3 0-0 16. Nb5 Be6 17. Bd6 Qd7 18. Bxe6 Nxe6 19. Bxf8 Rxf8 20. Na3 Rd8 21. Nc4 b5 22. Nd2 d3 23. Ne4 Qd5 24. Nc3 Qxf3 25. gxf3 Bxc3 26. bxc3 Nf4 27. Rfd1 Rc8 28. a4 bxa4 29. Kf1 Rxc3 30. Rxa4 Rc2 31. Rxa7 Nh3 32. Rxd3 Rc1+ 33. Ke2 Nf4+ 34. Kd2 Nxd3 35. Kxd3 Kg7 36. Ra4 Kg6 37. h4 gxh4 38. Rxh4 h5 39. Ke2 Kg5 40. Ra4 f5 41. Ra8 Rb1 42. Rh8 Rb3 43. Rh7 Rb8 44. Kf1 Rg8 45. Kg2 Kf4+ 46. Kf1 Kg5 47. Kg2 h4 48. Kf1 Rg6 49. Rh8 Rg7 50. Kg2 Kf4+ 51. Kf1 Kxf3 1/2-1/2

[Event "POL-chT 2nd League"]
[Site "Jastrzebia Gora"]
[Date "2023.09.06"]
[Round "5.61"]
[White "Rudolf, Michal"]
[Black "Janocha, Wieslaw Adam"]
[Result "1-0"]
[WhiteElo "2287"]
[BlackElo "2208"]
[PlyCount "105"]
[EventDate "2023.09.02"]
[EventType "team-swiss"]
[EventRounds "9"]
[EventCountry "POL"]
[SourceTitle "EXT 2024"]
[Source "ChessBase"]
[SourceDate "2023.10.10"]
[SourceVersion "1"]
[SourceVersionDate "2023.10.10"]
[SourceQuality "1"]
[WhiteTeam "Warszawa YMCA"]
[BlackTeam "Wroclaw Srodmiescie"]
[WhiteTeamCountry "POL"]
[BlackTeamCountry "POL"]

1. e4 c5 2. Nf3 d6 3. Bb5+ Bd7 4. Bxd7+ Qxd7 5. 0-0 Nc6 6. c3 Nf6 7. d4 Nxe4 8. d5 Ne5 9. Re1 Nf6 10. Nxe5 dxe5 11. c4 0-0-0 12. Rxe5 e6 13. Bg5 Bd6 14. Bxf6 gxf6 15. Rh5 Be5 16. Nc3 f5 17. Qf3 a6 18. g3 h6 19. Re1 Bg7 20. Qe3 Rhe8 21. Qxc5+ Kb8 22. Qe3 Qc7 23. Rh4 Bf8 24. Qf4 Rc8 25. Rd1 Red8 26. a3 Qxf4 27. Rxf4 Be7 28. Re1 Bg5 29. Rf3 Rd6 30. h4 Bf6 31. Ne4 fxe4 32. Rxf6 Rcc6 33. c5 Rxc5 34. dxe6 Rc4 35. Rxf7 Rxe6 36. b3 Rc2 37. b4 e3 38. Rxe3 Rxe3 39. fxe3 Rc3 40. a4 Rxe3 41. Kf2 Rb3 42. Rf4 Kc7 43. h5 Kd6 44. Rf6+ Ke5 45. Rb6 Kf5 46. Rxb7 Kg4 47. b5 Rf3+ 48. Ke2 Ra3 49. Rg7+ Kxh5 50. g4+ Kh4 51. bxa6 Rxa4 52. a7 Kg3 53. Ke3 1-0

[Event "POL-chT 2nd League"]
[Site "Jastrzebia Gora"]
[Date "2022.09.09"]
[Round "7.42"]
[White "Rudolf, Michal"]
[Black "Golenia, Wojciech"]
[Result "1/2-1/2"]
[WhiteElo "2328"]
[BlackElo "2175"]
[PlyCount "48"]
[EventDate "2022.09.03"]
[EventType "team-swiss"]
[EventRounds "9"]
[EventCountry "POL"]
[SourceTitle "CBM 210 Extra"]
[Source "ChessBase"]
[SourceDate "2022.11.30"]
[SourceVersion "1"]
[SourceVersionDate "2022.11.30"]
[SourceQuality "1"]
[WhiteTeam "Warszawa YMCA"]
[BlackTeam "Wieliczka MKS MOS"]
[WhiteTeamCountry "POL"]
[BlackTeamCountry "POL"]

1. e4 e5 2. Nf3 Nc6 3. Bb5 a6 4. Ba4 Nf6 5. 0-0 Be7 6. Re1 b5 7. Bb3 d6 8. c3 0-0 9. h3 Na5 10. Bc2 c5 11. d4 Nd7 12. Nbd2 exd4 13. cxd4 Nc6 14. d5 Nce5 15. a4 Rb8 16. Nxe5 Nxe5 17. axb5 axb5 18. f4 Ng6 19. Nf3 Bh4 20. Nxh4 Qxh4 21. Rf1 Bxh3 22. gxh3 Qg3+ 23. Kh1 Qxh3+ 24. Kg1 Qg3+ 1/2-1/2

[Event "POL-chT 2nd League"]
[Site "Jastrzebia Gora"]
[Date "2022.09.04"]
[Round "2.13"]
[White "Kucza, Karol"]
[Black "Rudolf, Michal"]
[Result "1/2-1/2"]
[WhiteElo "2329"]
[BlackElo "2328"]
[PlyCount "39"]
[EventDate "2022.09.03"]
[EventType "team-swiss"]
[EventRounds "9"]
[EventCountry "POL"]
[SourceTitle "CBM 210 Extra"]
[Source "ChessBase"]
[SourceDate "2022.11.30"]
[SourceVersion "1"]
[SourceVersionDate "2022.11.30"]
[SourceQuality "1"]
[WhiteTeam "Ostrow Wielkopolski"]
[BlackTeam "Warszawa YMCA"]
[WhiteTeamCountry "POL"]
[BlackTeamCountry "POL"]

1. e4 c6 2. d4 d5 3. Nc3 dxe4 4. Nxe4 Bf5 5. Ng3 Bg6 6. h4 h6 7. Nf3 e6 8. h5 Bh7 9. Bd3 Bxd3 10. Qxd3 Nf6 11. Bd2 c5 12. 0-0-0 Nc6 13. Bc3 Qd5 14. dxc5 Qxd3 15. Rxd3 Bxc5 16. Bxf6 gxf6 17. Ne4 Be7 18. Rhd1 Rd8 19. Rxd8+ Nxd8 20. g3 1/2-1/2

[Event "POL-chT 2nd League"]
[Site "Jastrzebia Gora"]
[Date "2022.09.03"]
[Round "1.91"]
[White "Rudolf, Michal"]
[Black "Bes, Michal"]
[Result "1-0"]
[WhiteElo "2328"]
[BlackElo "2091"]
[PlyCount "75"]
[EventDate "2022.09.03"]
[EventType "team-swiss"]
[EventRounds "9"]
[EventCountry "POL"]
[SourceTitle "CBM 210 Extra"]
[Source "ChessBase"]
[SourceDate "2022.11.30"]
[SourceVersion "1"]
[SourceVersionDate "2022.11.30"]
[SourceQuality "1"]
[WhiteTeam "Warszawa YMCA"]
[BlackTeam "Wroclaw Hetman"]
[WhiteTeamCountry "POL"]
[BlackTeamCountry "POL"]

1. e4 e5 2. Nf3 Nc6 3. Bc4 Nf6 4. d3 Be7 5. 0-0 0-0 6. Re1 d6 7. a4 Na5 8. Ba2 c5 9. Na3 Nc6 10. c3 h6 11. Bd2 Re8 12. h3 Bf8 13. b4 cxb4 14. cxb4 Be6 15. b5 Nb8 16. Bb1 d5 17. exd5 Bxd5 18. Bc3 Nbd7 19. Nc4 e4 20. Nfd2 Rc8 21. Bb2 Bb4 22. Ne3 Be6 23. dxe4 Nc5 24. Re2 Nh5 25. Nd5 Bxd5 26. exd5 Qxd5 27. Ba2 Qd7 28. Rxe8+ Qxe8 29. Nc4 Nf4 30. Nd6 Qd7 31. Nxc8 Qxc8 32. Bxg7 Ncd3 33. Bxh6 Nxh3+ 34. gxh3 Qxh3 35. Qf1 Qxh6 36. Qxd3 Bd6 37. Qf3 Qg7+ 38. Qg2 1-0

[Event "Warsaw Chess op-A"]
[Site "Warsaw"]
[Date "2022.07.20"]
[Round "3"]
[White "Rudolf, Michal"]
[Black "Szczurek, Krzysztof"]
[Result "1/2-1/2"]
[WhiteElo "2361"]
[BlackElo "2151"]
[PlyCount "45"]
[EventDate "2022.07.18"]
[EventType "swiss"]
[EventRounds "9"]
[EventCountry "POL"]
[SourceTitle "CBM 209 Extra"]
[Source "ChessBase"]
[SourceDate "2022.09.30"]
[SourceVersion "1"]
[SourceVersionDate "2022.09.30"]
[SourceQuality "1"]

1. d4 d5 2. Nf3 Nf6 3. g3 g6 4. Bg2 Bg7 5. 0-0 0-0 6. c4 dxc4 7. Na3 c5 8. dxc5 c3 9. Qb3 Ne4 10. bxc3 Nxc5 11. Qc4 Nba6 12. Be3 Qa5 13. Nb1 Qa4 14. Qxa4 Nxa4 15. Nd4 N6c5 16. Nb3 Nxb3 17. axb3 Nxc3 18. Nxc3 Bxc3 19. Rxa7 Rxa7 20. Bxa7 b5 21. Bc5 Be6 22. b4 Bc4 23. Bf3 1/2-1/2

[Event "Krakow op-A"]
[Site "Krakow"]
[Date "2022.06.28"]
[Round "5"]
[White "Rudolf, Michal"]
[Black "Romanishin, Oleg M"]
[Result "1/2-1/2"]
[WhiteElo "2361"]
[BlackElo "2405"]
[PlyCount "81"]
[EventDate "2022.06.25"]
[EventType "swiss"]
[EventRounds "9"]
[EventCountry "POL"]
[SourceTitle "CBM 209 Extra"]
[Source "ChessBase"]
[SourceDate "2022.09.30"]
[SourceVersion "1"]
[SourceVersionDate "2022.09.30"]
[SourceQuality "1"]

1. e4 e5 2. Nf3 Nc6 3. Bc4 Nf6 4. Ng5 d5 5. exd5 Na5 6. Bb5+ Bd7 7. Qe2 Be7 8. Nf3 0-0 9. Bxd7 Qxd7 10. Nxe5 Qxd5 11. 0-0 Bd6 12. Nf3 Nc6 13. Nc3 Qh5 14. Qb5 Qg6 15. d3 Nb4 16. Qa4 a6 17. a3 b5 18. Qb3 Nc6 19. Re1 Rae8 20. Bg5 Ng4 21. Qd5 Nce5 22. Nxe5 Bxe5 23. h3 c6 24. Qd7 Qxg5 25. Qxg4 Qf6 26. Qb4 c5 27. Qb3 c4 28. dxc4 bxc4 29. Qa4 Re6 30. Re3 Qf4 31. g3 Qf5 32. Qxc4 Qxh3 33. Qf1 Qf5 34. Rae1 Bd4 35. Rxe6 fxe6 36. Ne4 Bxb2 37. Qxa6 Bd4 38. Qe2 h6 39. Rd1 Qe5 40. Qg4 Kh8 41. c3 1/2-1/2

[Event "Krakow op-A"]
[Site "Krakow"]
[Date "2022.06.27"]
[Round "4"]
[White "Leniart, Arkadiusz"]
[Black "Rudolf, Michal"]
[Result "0-1"]
[WhiteElo "2476"]
[BlackElo "2361"]
[PlyCount "76"]
[EventDate "2022.06.25"]
[EventType "swiss"]
[EventRounds "9"]
[EventCountry "POL"]
[SourceTitle "CBM 209 Extra"]
[Source "ChessBase"]
[SourceDate "2022.09.30"]
[SourceVersion "1"]
[SourceVersionDate "2022.09.30"]
[SourceQuality "1"]

1. e4 c6 2. Nf3 d5 3. d3 dxe4 4. dxe4 Qxd1+ 5. Kxd1 Nd7 6. Nbd2 Ngf6 7. Ne1 Ng4 8. Ke2 b6 9. f3 Ba6+ 10. c4 Nge5 11. Kf2 g5 12. b4 Bg7 13. Rb1 c5 14. a3 cxb4 15. axb4 Rc8 16. b5 Bb7 17. h4 gxh4 18. Bb2 0-0 19. Rxh4 Rfd8 20. Ke3 Ng6 21. Rh1 e5 22. Nd3 Bf6 23. g3 Nc5 24. Rh5 Nxd3 25. Bxd3 Rd7 26. Be2 Be7 27. Nb3 a5 28. bxa6 Bxa6 29. f4 Bxc4 30. Bxc4 exf4+ 31. gxf4 Rxc4 32. f5 Rb4 33. Bc3 Rb5 34. e5 Nxe5 35. Rg1+ Kf8 36. Rxh7 Bg5+ 37. Ke4 Rxb3 38. Bxe5 Re3# 0-1

[Event "Krakow op-A"]
[Site "Krakow"]
[Date "2022.06.25"]
[Round "1"]
[White "Rudolf, Michal"]
[Black "Kantorik, Marian"]
[Result "1/2-1/2"]
[WhiteElo "2361"]
[BlackElo "2222"]
[PlyCount "61"]
[EventDate "2022.06.25"]
[EventType "swiss"]
[EventRounds "9"]
[EventCountry "POL"]
[SourceTitle "CBM 209 Extra"]
[Source "ChessBase"]
[SourceDate "2022.09.30"]
[SourceVersion "1"]
[SourceVersionDate "2022.09.30"]
[SourceQuality "1"]

1. e4 e5 2. Nf3 Nc6 3. Bc4 Bc5 4. d3 Nf6 5. 0-0 d6 6. c3 a6 7. Re1 Ba7 8. Bb3 h6 9. Nbd2 0-0 10. Nf1 Nh5 11. Be3 Qf6 12. Bxa7 Rxa7 13. Ne3 Ne7 14. d4 Nf4 15. g3 Nh3+ 16. Kg2 Ng5 17. Nxg5 Qxg5 18. dxe5 dxe5 19. h4 Qg6 20. Qf3 Ra8 21. Nd5 Nxd5 22. exd5 Re8 23. d6 cxd6 24. Rad1 Bg4 25. Bxf7+ Qxf7 26. Qxg4 d5 27. Re3 e4 28. c4 Rf8 29. Qe2 dxc4 30. Rxe4 Rae8 31. Rxe8 1/2-1/2

[Event "POL-chT 2nd League"]
[Site "Sypniewo"]
[Date "2021.09.12"]
[Round "9.5"]
[White "Mickiewicz, Piotr"]
[Black "Rudolf, Michal"]
[Result "0-1"]
[WhiteElo "2308"]
[BlackElo "2356"]
[PlyCount "99"]
[EventDate "2021.09.04"]
[EventType "team-swiss"]
[EventRounds "9"]
[EventCountry "POL"]
[SourceTitle "CBM 204 Extra"]
[Source "ChessBase"]
[SourceDate "2021.11.30"]
[SourceVersion "1"]
[SourceVersionDate "2021.11.30"]
[SourceQuality "1"]
[WhiteTeam "Zielonka Zieloni"]
[BlackTeam "Warszawa YMCA"]
[WhiteTeamCountry "POL"]
[BlackTeamCountry "POL"]

1. c4 c6 2. Nf3 d5 3. e3 Nf6 4. Nc3 e6 5. b3 Nbd7 6. Bb2 Bd6 7. Qc2 0-0 8. Be2 a6 9. g4 b5 10. g5 Ne8 11. h4 bxc4 12. bxc4 e5 13. g6 fxg6 14. cxd5 cxd5 15. h5 Nc5 16. hxg6 Bf5 17. e4 Bxg6 18. Nxd5 Bxe4 19. Qc4 Kh8 20. Ba3 Nf6 21. Nxf6 Qxf6 22. Bxc5 Bxf3 23. Bxf3 Qxf3 24. Qh4 h6 25. Bxd6 Rf4 26. Qh5 Qxf2+ 27. Kd1 Rd4 28. Qe2 Qxe2+ 29. Kxe2 Rxd6 30. Rab1 Rc8 31. Rb2 Rc4 32. Rg1 Re4+ 33. Kf3 Red4 34. Ke3 Rd3+ 35. Ke2 R3d5 36. Rg3 a5 37. d3 Kh7 38. Rb7 Rg6 39. Rf3 h5 40. Ke3 Kh6 41. Re7 Rg4 42. Re8 g6 43. Rh8+ Kg5 44. Re8 Kh4 45. Re6 g5 46. Rg6 Rxd3+ 47. Kxd3 e4+ 48. Ke3 exf3 49. Kxf3 Ra4 50. Rf6 0-1

[Event "POL-chT 2nd League"]
[Site "Sypniewo"]
[Date "2021.09.07"]
[Round "4.5"]
[White "Rudolf, Michal"]
[Black "Krzywda, Andrzej"]
[Result "1-0"]
[WhiteElo "2356"]
[BlackElo "2076"]
[PlyCount "103"]
[EventDate "2021.09.04"]
[EventType "team-swiss"]
[EventRounds "9"]
[EventCountry "POL"]
[SourceTitle "CBM 204 Extra"]
[Source "ChessBase"]
[SourceDate "2021.11.30"]
[SourceVersion "1"]
[SourceVersionDate "2021.11.30"]
[SourceQuality "1"]
[WhiteTeam "Warszawa YMCA"]
[BlackTeam "Chroscice Victoria"]
[WhiteTeamCountry "POL"]
[BlackTeamCountry "POL"]

1. d4 Nf6 2. c4 c5 3. Nf3 cxd4 4. Nxd4 Nc6 5. Nc3 g6 6. g3 Bg7 7. Bg2 0-0 8. 0-0 Qa5 9. e3 Qc5 10. b3 d5 11. cxd5 Nb4 12. Bd2 Bg4 13. Ne4 Nxe4 14. Bxb4 Qxb4 15. Qxg4 Nf6 16. Qe2 Rfd8 17. Qc4 Qb6 18. Rac1 Rd7 19. Ne2 Rad8 20. e4 Ne8 21. Qa4 Nc7 22. Bh3 Rd6 23. Qc4 Nb5 24. a4 Nd4 25. Nxd4 Qxd4 26. Qxd4 Bxd4 27. Rc7 Rb6 28. Rd1 Bf6 29. f4 Rxb3 30. e5 Bg7 31. Rxe7 Bf8 32. Rc7 Bb4 33. d6 Ba5 34. Re7 Rb2 35. Rc1 b5 36. axb5 Bb6+ 37. Kh1 Rxb5 38. Bf1 Rb2 39. Bc4 Rf8 40. Rb7 Rd2 41. Re1 Rd4 42. Rc1 Rd2 43. Rc3 h5 44. Rd3 Rc2 45. Bb3 Re2 46. Rc3 Rd2 47. h4 Ba5 48. Rc2 Rd3 49. Kg2 Be1 50. Rcc7 Bxg3 51. Bxf7+ Kh8 52. Bc4 1-0

[Event "POL-chT 2nd League"]
[Site "Sypniewo"]
[Date "2021.09.06"]
[Round "3.4"]
[White "Nowak, Kamil"]
[Black "Rudolf, Michal"]
[Result "1/2-1/2"]
[WhiteElo "2318"]
[BlackElo "2356"]
[PlyCount "40"]
[EventDate "2021.09.04"]
[EventType "team-swiss"]
[EventRounds "9"]
[EventCountry "POL"]
[SourceTitle "CBM 204 Extra"]
[Source "ChessBase"]
[SourceDate "2021.11.30"]
[SourceVersion "1"]
[SourceVersionDate "2021.11.30"]
[SourceQuality "1"]
[WhiteTeam "Zarow Goniec"]
[BlackTeam "Warszawa YMCA"]
[WhiteTeamCountry "POL"]
[BlackTeamCountry "POL"]

1. d4 Nf6 2. c4 e6 3. Nc3 Bb4 4. Qc2 0-0 5. e4 d5 6. e5 Ne4 7. Bd3 c5 8. Nf3 cxd4 9. Nxd4 Nd7 10. Bf4 Ndc5 11. 0-0 Nxd3 12. Qxd3 Bxc3 13. bxc3 b6 14. cxd5 Qxd5 15. Rfd1 Bb7 16. c4 Qd7 17. Qc2 Qe7 18. f3 Nc5 19. Nb5 Bc6 20. a4 Bxb5 1/2-1/2

[Event "Warsaw op-A"]
[Site "Warsaw"]
[Date "2021.07.25"]
[Round "8"]
[White "Rudolf, Michal"]
[Black "Chyzy, Jakub"]
[Result "1-0"]
[WhiteElo "2359"]
[BlackElo "2257"]
[PlyCount "83"]
[EventDate "2021.07.19"]
[EventType "swiss"]
[EventRounds "9"]
[EventCountry "POL"]
[SourceTitle "CBM 203 Extra"]
[Source "ChessBase"]
[SourceDate "2021.09.30"]
[SourceVersion "1"]
[SourceVersionDate "2021.09.30"]
[SourceQuality "1"]

1. e4 e5 2. Nf3 Nc6 3. Bc4 Nf6 4. d3 Be7 5. 0-0 0-0 6. c3 d6 7. Bb3 Na5 8. Bc2 c5 9. Re1 Nc6 10. Nbd2 Re8 11. Nf1 Bf8 12. h3 g6 13. Ne3 Bg7 14. Nh2 d5 15. Nhg4 Nxg4 16. hxg4 d4 17. Nd5 Be6 18. Bb3 Na5 19. Ba4 Rf8 20. Qf3 f5 21. gxf5 gxf5 22. c4 Rb8 23. Qh3 Bxd5 24. exd5 a6 25. Bh6 Qf6 26. Bd2 b5 27. Bc2 Nb7 28. f4 e4 29. dxe4 bxc4 30. e5 Qg6 31. Ba4 Rfd8 32. d6 Nxd6 33. exd6 Rxd6 34. Qa3 d3 35. Bc3 d2 36. Red1 Bd4+ 37. Bxd4 Rxd4 38. Qxc5 Qb6 39. Qxb6 Rxb6 40. Rab1 c3 41. bxc3 Rxb1 42. cxd4 1-0

[Event "Warsaw op-A"]
[Site "Warsaw"]
[Date "2021.07.24"]
[Round "6"]
[White "Rudolf, Michal"]
[Black "Chomczyk, Marek"]
[Result "1/2-1/2"]
[WhiteElo "2359"]
[BlackElo "2194"]
[PlyCount "39"]
[EventDate "2021.07.19"]
[EventType "swiss"]
[EventRounds "9"]
[EventCountry "POL"]
[SourceTitle "CBM 203 Extra"]
[Source "ChessBase"]
[SourceDate "2021.09.30"]
[SourceVersion "1"]
[SourceVersionDate "2021.09.30"]
[SourceQuality "1"]

1. e4 c6 2. Nc3 d5 3. Nf3 dxe4 4. Nxe4 Nf6 5. Qe2 Nxe4 6. Qxe4 Qa5 7. Bc4 Bf5 8. Qe5 Qxe5+ 9. Nxe5 e6 10. Bb3 Nd7 11. Nxd7 Kxd7 12. 0-0 a5 13. a4 Kc7 14. d3 Rd8 15. Bd2 b6 16. Bc3 Rg8 17. Rae1 Bc5 18. h3 h5 19. Kh2 Bd4 20. Bxd4 1/2-1/2

[Event "Warsaw op-A"]
[Site "Warsaw"]
[Date "2021.07.21"]
[Round "3"]
[White "Lee, Hyo"]
[Black "Rudolf, Michal"]
[Result "0-1"]
[WhiteElo "1712"]
[BlackElo "2359"]
[PlyCount "94"]
[EventDate "2021.07.19"]
[EventType "swiss"]
[EventRounds "9"]
[EventCountry "POL"]
[SourceTitle "CBM 203 Extra"]
[Source "ChessBase"]
[SourceDate "2021.09.30"]
[SourceVersion "1"]
[SourceVersionDate "2021.09.30"]
[SourceQuality "1"]

1. e4 c6 2. d4 d5 3. Nd2 dxe4 4. Nxe4 Bf5 5. Ng3 Bg6 6. h4 h6 7. Nf3 e6 8. Ne5 Bh7 9. Bd3 Bxd3 10. Qxd3 Nd7 11. f4 Bb4+ 12. Bd2 Bxd2+ 13. Qxd2 Ngf6 14. 0-0-0 0-0 15. Qe2 Qa5 16. Kb1 Rad8 17. Ne4 Nxe4 18. Qxe4 Nf6 19. Qe2 c5 20. dxc5 Qxc5 21. g4 Nd5 22. Qe4 Qe3 23. Qxe3 Nxe3 24. Rde1 Nd5 25. Nd3 Rd6 26. Rhf1 Rc8 27. f5 Rc4 28. Ne5 Rf4 29. Rxf4 Nxf4 30. fxe6 Rxe6 31. Nf3 Rxe1+ 32. Nxe1 f5 33. gxf5 Kf7 34. c4 Kf6 35. Kc2 Kxf5 36. b4 Kg4 37. c5 Kxh4 38. Kc3 Kg3 39. Nd3 h5 40. b5 Ne6 41. a4 h4 42. a5 h3 43. a6 bxa6 44. b6 axb6 45. cxb6 Nd8 46. Nc5 h2 47. Ne6 Nb7 0-1

[Event "Zadar op-A 26th"]
[Site "Zadar"]
[Date "2019.12.17"]
[Round "4"]
[White "Rezan, Sasa"]
[Black "Rudolf, Michal"]
[Result "1/2-1/2"]
[WhiteElo "2415"]
[BlackElo "2328"]
[PlyCount "128"]
[EventDate "2019.12.15"]
[EventType "swiss"]
[EventRounds "9"]
[EventCountry "CRO"]
[SourceTitle "CBM 193 Extra"]
[Source "ChessBase"]
[SourceDate "2020.01.31"]
[SourceVersion "1"]
[SourceVersionDate "2020.01.31"]
[SourceQuality "1"]

1. c4 e6 2. Nf3 d5 3. g3 Nf6 4. Bg2 Be7 5. 0-0 0-0 6. d4 dxc4 7. Ne5 Nc6 8. Nxc6 bxc6 9. Na3 Bxa3 10. bxa3 Nd5 11. Qc2 a5 12. Qxc4 Ba6 13. Qc2 a4 14. Rd1 Bb5 15. e4 Nb6 16. Bd2 Re8 17. Bb4 Qc8 18. Rac1 Qa6 19. h4 Rad8 20. Kh2 h6 21. Bc5 Qc8 22. Qb2 Nd7 23. Qb4 Nf6 24. Be7 Ng4+ 25. Kg1 Rd7 26. Bc5 Qd8 27. Re1 Nf6 28. Bf3 Qb8 29. Rb1 Qc8 30. Kg2 Qa6 31. Qc3 Rdd8 32. Rbd1 Qc8 33. Bb4 Qa6 34. Bc5 Qc8 35. Bb4 Qa6 36. Rc1 Qc8 37. Rb1 Qa6 38. Qe3 Qc8 39. Bc3 Nd7 40. Ba1 Nb6 41. Qc3 f6 42. Bh5 Re7 43. Qc5 Qd7 44. Rbc1 Qd6 45. Qc3 Nc4 46. Be2 Nb6 47. Bxb5 cxb5 48. Qc5 Rb8 49. Qxb5 Qxa3 50. Qc5 Qxc5 51. Rxc5 Kf7 52. Rb1 Ke8 53. Bc3 Ra8 54. Bd2 Rd7 55. Bf4 Rxd4 56. Rxc7 Nd7 57. Rbb7 Rd8 58. f3 h5 59. Kf2 Rd3 60. Bc1 Rd1 61. Ke2 Rg1 62. Kf2 Rd1 63. Ke2 Rg1 64. Kf2 Rd1 1/2-1/2

[Event "Zagreb Hulak Memorial op 4th"]
[Site "Zagreb"]
[Date "2019.12.13"]
[Round "8"]
[White "Rudolf, Michal"]
[Black "Janzelj, Tim"]
[Result "1-0"]
[WhiteElo "2328"]
[BlackElo "2446"]
[PlyCount "119"]
[EventDate "2019.12.07"]
[EventType "swiss"]
[EventRounds "9"]
[EventCountry "CRO"]
[SourceTitle "CBM 193 Extra"]
[Source "ChessBase"]
[SourceDate "2020.01.31"]
[SourceVersion "1"]
[SourceVersionDate "2020.01.31"]
[SourceQuality "1"]

1. d4 f5 2. Nc3 Nf6 3. Bg5 d5 4. Bxf6 exf6 5. e3 Be6 6. Nge2 Qd7 7. Nf4 Bf7 8. Qf3 c6 9. Bd3 h5 10. h3 h4 11. 0-0-0 Na6 12. g4 hxg3 13. fxg3 Nb4 14. Be2 g5 15. a3 gxf4 16. axb4 fxg3 17. Qxg3 Bxb4 18. Rdf1 Be6 19. Bd3 0-0-0 20. Qf3 Bxc3 21. bxc3 Rde8 22. h4 Rh6 23. h5 Rg8 24. Bxf5 Bxf5 25. Qxf5 Qxf5 26. Rxf5 Kd7 27. Rf2 Rg5 28. Kd2 f5 29. Rfh2 a5 30. Ke2 Rg3 31. Kf2 Rg5 32. Kf3 Ke6 33. Rh4 b5 34. R4h3 Kf6 35. Rh4 a4 36. R4h3 Rg4 37. R3h2 Kg5 38. Rh3 Kf6 39. R3h2 Rg8 40. Kf4 Rg7 41. Ra1 Rg4+ 42. Kf3 Kg5 43. Rah1 a3 44. Ra1 f4 45. exf4+ Rxf4+ 46. Ke3 Re6+ 47. Kd2 Kh6 48. Rxa3 b4 49. Ra6 Ref6 50. Rb6 Rf2+ 51. Rxf2 Rxf2+ 52. Kc1 bxc3 53. Rxc6+ Kxh5 54. Rxc3 Kg6 55. Re3 Rf4 56. c3 Rf1+ 57. Kb2 Kf6 58. Re5 Rf5 59. Rxf5+ Kxf5 60. Kb3 1-0

[Event "Zagreb Hulak Memorial op 4th"]
[Site "Zagreb"]
[Date "2019.12.12"]
[Round "7"]
[White "Pavic, Filip"]
[Black "Rudolf, Michal"]
[Result "1/2-1/2"]
[WhiteElo "2238"]
[BlackElo "2328"]
[PlyCount "74"]
[EventDate "2019.12.07"]
[EventType "swiss"]
[EventRounds "9"]
[EventCountry "CRO"]
[SourceTitle "CBM 193 Extra"]
[Source "ChessBase"]
[SourceDate "2020.01.31"]
[SourceVersion "1"]
[SourceVersionDate "2020.01.31"]
[SourceQuality "1"]

1. e4 c6 2. d4 d5 3. e5 c5 4. dxc5 e6 5. Be3 Nd7 6. Bb5 Ne7 7. c3 a6 8. Ba4 Nf5 9. Bd4 Qc7 10. b4 Be7 11. Nf3 0-0 12. Bc2 b6 13. cxb6 Nxb6 14. Nbd2 a5 15. b5 Nxd4 16. cxd4 Bd7 17. a4 Rac8 18. Ra2 f5 19. exf6 Bxf6 20. Qe2 Qc3 21. 0-0 g6 22. Re1 Bxd4 23. Nxd4 Qxd4 24. Nf3 Qf6 25. Ne5 Kg7 26. Bd3 Rc7 27. Qe3 Rb7 28. g3 Bc8 29. Ng4 Qe7 30. Qd4+ Kf7 31. Ne5+ Kg8 32. Nc6 Qg7 33. Qxg7+ Kxg7 34. Nxa5 Ra7 35. Nc6 Rxa4 36. Rxa4 Nxa4 37. Ne5 Bb7 1/2-1/2